LEADER 01444nam a2200349 a 4500 001 000000139342 003 CaOOAMICUS 005 20140722095002.0 008 140722s2008 enkdk u000 u eng r 020 $z9780199585540* 040 $aPUL$bita 082 04$a121.68 100 1 $aBrandom, Robert B.$0(OLS)http://pul/name/89861 245 10$aBetween saying and doing :$btowards an analytic pragmatism /$cRobert B. Brandom. 260 $aOxford :$bOxford University Press,$c2008. 300 $axxi, 251 p. :$bgrafici, formulari ;$c24 cm 500 $aInclude indice. 504 $aBibliografia p. [236]-239. 650 4$aPragmatismo.$0(OLS)http://pul/subject/7909 650 4$aGnoseologia.$0(OLS)http://pul/subject/1860 650 4$aFilosofia del linguaggio.$0(OLS)http://pul/subject/8316 850 $aPUL 852 $aPUL$W1$xSL Filosofia 3$y81$m121. 68 BRARO 1$j160950$qDDC 21$B160390$CPULBib$Z2$F160390 $H124434 $82 941 1 $a9 960 $aLinguaggio$xFilosofia$98316 960 $aLinguaggio e filosofia$98316 960 $aLinguaggio e pensiero$98316 996 $6020$z9780199585540*$9(OLS)http://pul/number/155793 996 $6082$a121.68$9(OLS)http://pul/classification/2430 996 $6245$aBetween saying and doing :$btowards an analytic pragmatism$9(OLS)http://pul/title/176403 996 $6260$aOxford :$bOxford University Press$9(OLS)http://pul/publisher/48013 LEADER 01421nam a2200289 a 4500 001 000000118758 003 CaOOAMICUS 005 20091214180908.0 008 091214t2009 it a u000 u ita r 020 $a978-88-6008-285-5 040 $aPUL$bita$dReb 100 1 $aGreco, Pietro,$d1955-2020.$0(OLS)http://pul/name/74198 245 12$aL'idea pericolosa di Galileo :$bstoria della comunicazione della scienza nel Seicento /$cPietro Greco. 260 $aTorino :$bUTET Universitą,$c©2009 . 300 $aviii, 237 p. :$bill. ;$c24 cm. 490 1 $aScienza e societą / Collana diretta da Andrea Cerroni 504 $aBibliografia p. [225]-230. 650 4$aScienza$xCritica e interpretazione.$0(OLS)http://pul/subject/11266 650 4$aArte e scienza.$0(OLS)http://pul/subject/27165 700 1 $aCerroni, Andrea.$0(OLS)http://pul/name/74199 830 0$aScienza e societą / Collana diretta da Andrea Cerroni.$0(OLS)http://pul/title/149465 850 $aPUL 852 $aPUL$W1$xSL Cons. Gen., Altre Classi 3$y75$m520. 92 GREPI 1$j136309$qDDC 21$B135269$CPULBib$Z2$F135269 $H112076 $82 941 1 $a9 996 $6020$a978-88-6008-285-5$9(OLS)http://pul/number/142801 996 $6245$aL'idea pericolosa di Galileo :$bstoria della comunicazione della scienza nel Seicento$9(OLS)http://pul/title/149464 996 $6260$aTorino :$bUTET Universitą$9(OLS)http://pul/publisher/80059